| 000 | 00763nam a2200205 a 4500 | ||
|---|---|---|---|
| 001 | BRCA_6080 | ||
| 005 | 20190320205328.0 | ||
| 008 | 170608s1994----mx-a---###---#000-0#spa-# | ||
| 050 | 4 |
_aN910.M41 _b.V39 1994 |
|
| 100 | 1 |
_aVázquez Olvera, Carlos _9577 |
|
| 245 | 1 | 0 | _aLa concepción del Museo Nacional de Historia y el patrimonio cultural mexicano. |
| 260 |
_aCiudad de México _c1994 |
||
| 300 |
_a314 p. _bil. |
||
| 502 | _aTesis Maestría (Maestro en Antropología Social) Escuela Nacional de Antropología e Historia | ||
| 610 | 2 | 4 |
_aMuseo Nacional de Historia (Ciudad de México) _xColecciones de arte _915371 |
| 650 | 1 | 4 |
_aMuseos _vConstrucción _xHistoria _915372 |
| 700 | 1 |
_aHaidar Efperidiao, Julieta _easesor _915373 |
|
| 902 | _aTES | ||
| 942 |
_2lcc _cTES |
||
| 999 |
_c5767 _d5767 |
||